000 00529nam a2200193Ia 4500
005 20250326142613.0
008 250326s9999 xx 000 0 und d
020 _a0-415-07976-4
037 _aTextbook
040 _aFMSL
_beng
_cFMSL
041 _aeng
_2eng
084 _aX N2
_qFMSL
100 _aEkins P
_9746297
245 0 _aReal- life economics: Understanding wealth creation
_cEkins P; Max-neef M
260 _aNY
_bNY, Routledge
_c1992
300 _a481p
942 _cTB
_hX N2
999 _c1295787
_d1295787